National Anthem of Guinea - Liberté - Statistics

General Stats
  • This quiz has been taken 2 times
  • The average score is 46 of 69
Answer Stats
Lyrics % Correct
à
100%
C'est
100%
C'est
100%
de
100%
de
100%
de
100%
de
100%
et
100%
Guinée
100%
Guinée
100%
la
100%
la
100%
la
100%
la
100%
Le
100%
Le
100%
Liberté !
100%
Liberté !
100%
nos
100%
Que
100%
Qui
100%
Qui
100%
se
100%
ses
100%
ses
100%
africaine
50%
Afrique.
50%
Appelle
50%
appelle
50%
appelle
50%
au
50%
Bâtissons
50%
champ
50%
chante
50%
d'Afrique,
50%
dans
50%
d'honneur
50%
d'un
50%
d'un
50%
en
50%
fière
50%
frères
50%
frères
50%
frères
50%
grande
50%
historique !
50%
Illustre
50%
jeune
50%
l'Afrique !
50%
l'Afrique.
50%
l'hymne
50%
libérant
50%
l'indépendance
50%
l'unité.
50%
l'unité
50%
Morts
50%
Passé
50%
Peuple
50%
peuple
50%
peuple
50%
peuple
50%
prêchant
50%
retrouver.
50%
tous
50%
tous
50%
voix
50%
voix
50%
épopée
0%
retrouvée.
0%
No matching quizzes found
Score Distribution
Percent of People with Each Score
Percentile by Number Answered
Your Score History
You have not taken this quiz